书目信息 |
| 题名: |
地理教学法
|
|
| 作者: | 褚绍唐 , 孙大文 编著 | |
| 分册: | ||
| 出版信息: | 上海 华东师范大学出版社 1982 |
|
| 页数: | 330页 | |
| 开本: | 19cm | |
| 丛书名: | 中学教学法丛书 | |
| 单 册: | ||
| 中图分类: | G633.55 | |
| 科图分类: | ||
| 主题词: | 地理-教学法--中学 , 教学法-地理--中学 | |
| 电子资源: | ||
| ISBN: | ||
| 000 | 00781nam2 2200289 45 | |
| 001 | 0182003327 | |
| 005 | 20040923154145.9 | |
| 010 | @dCNY0.72 | |
| 091 | @a12135.005 | |
| 100 | @a19950603d1982 em y0chiy0121 ea | |
| 101 | 0 | @achi |
| 102 | @aCN@b310000 | |
| 105 | @ay z 000yy | |
| 106 | @ar | |
| 200 | 10 | @a地理教学法@Adi li jiao xue fa@f褚绍唐,孙大文编著 |
| 210 | @a上海@c华东师范大学出版社@d1982 | |
| 215 | @a330页@d19cm | |
| 225 | 2 | @a中学教学法丛书 |
| 410 | 0 | @120010@a中学教学法丛书 |
| 606 | @a地理-教学法@x中学 | |
| 606 | @a教学法-地理@x中学 | |
| 690 | @aG633.55@v3 | |
| 701 | 0 | @a褚绍唐@Achu shao tang@4编著 |
| 701 | 0 | @a孙大文@Asun da wen@4编著 |
| 801 | 0 | @aCN@b上海图书馆@c20040505 |
| 801 | 2 | @aCN@bNLC@c20040505 |
| 905 | @dG633.55@e104@f1@b175489 | |
| 地理教学法/褚绍唐,孙大文编著.-上海:华东师范大学出版社,1982 |
| 330页;19cm.-(中学教学法丛书) |
| ISBN :CNY0.72 |
| ● |
| 相关链接 |
|
|
|
|
正题名:地理教学法
索取号:G633.55/104
 
预约/预借
| 序号 | 登录号 | 条形码 | 馆藏地/架位号 | 状态 | 备注 |
| 1 | 0077257 | 000254922 | 密集书库/ [索取号:G633.55/104] | 在馆 | |
| 2 | 0077259 | 000254851 | 密集书库/ [索取号:G633.55/104] | 在馆 | |
| 3 | 0175489 | 001961817 | 密集书库/ [索取号:G633.55/104] | 在馆 | |
| 4 | 0175490 | 201754903 | 密集书库/ [索取号:G633.55/104] | 在馆 | |
| 5 | 0228488 | 000604698 | 第一样本阅览室/ [索取号:G633.55/104] | 在馆 |